| 000 | 01186cam a2200337 i 4500 | ||
|---|---|---|---|
| 001 | 015414577 | ||
| 003 | EG-ScBUE | ||
| 005 | 20241022085628.0 | ||
| 008 | 091026t2010 mau f b 001 0 eng d | ||
| 020 | _a9780135113554 (pbk.) | ||
| 020 | _a0135113555 (pbk.) | ||
| 040 |
_aStDuBDS _beng _erda _cStDuBDS _dUk _dEG-ScBUE |
||
| 082 | 0 | 4 |
_a515.8 _222 _bROY |
| 100 | 1 |
_a Royden, H. L., _eauthor. _938432 |
|
| 245 | 1 | 0 |
_aReal analysis / _cH. L. Royden, Stanford University, P. M. Fitzpatrick, University of Maryland, College Park. |
| 250 | _aFourth edition. | ||
| 250 | _aInternational edition. | ||
| 264 | 1 |
_aBoston : _bPrentice Hall / Pearson Education Inc., _c[2010] |
|
| 264 | 4 | _cc2010 | |
| 300 |
_axii, 505 pages ; _c23 cm |
||
| 500 | _aRev. ed. of Real Analysis / H.L. Royden, 1988. | ||
| 504 | _aIncludes bibliographical references and index. | ||
| 650 | 7 |
_aFunctions of real variables. _2BUEsh _97013 |
|
| 650 | 7 |
_aFunctional analysis. _2BUEsh _96879 |
|
| 650 | 7 |
_aQuantum measure theory. _2BUEsh _937347 |
|
| 651 | _2BUEsh | ||
| 653 |
_bENGELC _cJune2015 _cSeptember2015 |
||
| 655 | _vReading book | ||
| 700 | 1 |
_aFitzpatrick, Patrick, _d1946- _eauthor. |
|
| 942 |
_2ddc _cBB |
||
| 999 |
_c19953 _d19925 |
||